Maquinas de Corriente Continua / (Record no. 7026)

000 -CABECERA
fixed length control field 00897nam a22002417a 4500
003 - IDENTIFICADOR DEL NÚMERO DE CONTROL
control field AR-CdUCM
008 - DATOS DE LONGITUD FIJA--INFORMACIÓN GENERAL
fixed length control field 190319b ||||| |||| 00| 0 spa d
040 ## - FUENTE DE LA CATALOGACIÓN
Agencia/entidad que catalogó originalmente la obra MUNICIPALIDAD PROVINCIAL DEL CUSCO
Entidad que transcribió la catalogación BIBLIOTECA MUNICIPAL DEL CUSCO
082 ## - NÚMERO DE LA CLASIFICACIÓN DECIMAL DEWEY
No. de Clasificación 621.31042 /
Notacion interna H93
100 ## - ENTRADA PRINCIPAL--NOMBRE DE PERSONA
Nombre Personal Humburg, Karl
245 ## - MENCIÓN DE TÍTULO
Título Maquinas de Corriente Continua /
260 ## - PUBLICACIÓN, DISTRIBUCIÓN, ETC.
Lugar de publicación, distribución, etc. Mexico :
Nombre de la editorial, distribuidor, etc. Hispano Americana,
Fecha de publicación, distribución, etc. 1966.
300 ## - DESCRIPCIÓN FÍSICA
Nº de Páginas Extensión 112 paginas ;
Otros detalles físicos Ilustraciones, graficos, dibujos, arte,
Dimensiones 17 cm.
440 ## - MENCIÓN DE SERIE/PUNTO DE ACCESO ADICIONAL--TÍTULO
Título Manuales Uteha
Número de la parte/sección de una obra 6
9 (RLIN) 19718
505 ## - NOTA DE CONTENIDO CON FORMATO
Nota de contenido formateada Contenido:Maquina corriente continua -- devanado del rotor -- magnetico de los polos principales -- calcula de la excitacion -- commutacion de corriente...
650 ## - PUNTO DE ACCESO ADICIONAL DE MATERIA--TÉRMINO DE MATERIA
Descriptor Tecnologia
9 (RLIN) 1571
650 ## - PUNTO DE ACCESO ADICIONAL DE MATERIA--TÉRMINO DE MATERIA
Descriptor Maquinas
9 (RLIN) 19799
650 ## - PUNTO DE ACCESO ADICIONAL DE MATERIA--TÉRMINO DE MATERIA
Descriptor Estudios
9 (RLIN) 19800
700 ## - PUNTO DE ACCESO ADICIONAL--NOMBRE DE PERSONA
Nombre Personal Vazquez Briones, Hector
9 (RLIN) 19801
942 ## - ELEMENTOS DE PUNTO DE ACCESO ADICIONAL (KOHA)
Fuente de clasificación
Tipo de item Libros-BMC
945 ## - PROCESAMIENTO DE INFORMACIÓN LOCAL (OCLC)
Catalogador pjha
Holdings
Estado de retiro (separado) Fuente de clasificación o esquema de estanterías Estado dañado Ubicación Sala donde se ubica Nombre de la colección Fecha de adquisición o compra Costo, precio normal en soles Signatura topográfica Código de Barras Última vez visto (Koha) Tipo de ítem (Koha)
No     Sala Ciencias Sala Ciencias Book Cart 2019-03-19 20.00 621.31042 / H93 / t.1 SC0000000428 2019-03-19 Libros-BMC
No     Sala Ciencias Sala Ciencias Book Cart 2019-03-19 20.00 621.31042 / H93 / t.1 / e.2 SC0000000860 2019-03-21 Libros-BMC

Powered by Koha